000 00997cam a2200241 a 4500
001 000528691
003 AM-YeHGA
005 20250617135230.0
008 001130s2001 ilu||||||b||||001|0|eng|d
020 _a0838935109 (pbk. : alk. paper)
040 _aAM-YeHGA
041 0 _aeng
043 _an-us---
245 0 0 _aManaging electronic serials : Essays based on the ALCTS electronic serials institutes, 1997-1999 /
_cPamela Bluh, editor for the Serials Section of the Association for Library Collections & Technical Services.
260 _aChicago :
_bAmerican Library Association,
_c2001.
300 _axiii, 189 p. ;
_c23 cm.
440 0 _aALCTS papers on Library Technical Services and Collections
_vNo. 9
504 _aIncludes bibliogr. references (p. 165-173) and index.
650 0 _aLibraries
_zUnited States
_xSpecial collections
_xElectronic journals
700 1 _aBluh, Pamela M.
856 4 _oTable of Contents
_uhttp://lcweb.loc.gov/catdir/toc/00067646.html
090 _c197569
999 _c196090
_d196090